[Event "Deutsche Ländermeisterschaft 2024"]
[Site "Tübingen GER"]
[Date "2024.10.06"]
[Round "7"]
[White "Nönnig, Jakob"]
[Black "Herrmann, Arthur"]
[Result "1-0"]
[Termination "normal"]
[Board "4.4"]
[WhiteElo "1986"]
[BlackElo "2030"]
[WhiteClock "00:02:56"]
[BlackClock "00:03:07"]
[WhiteTeam "Sachsen-Anhalt"]
[BlackTeam "Sachsen"]
[PlyCount "152"]
[WhiteFideId "16289447"]
[BlackFideId "16287150"]
[EventCountry "GER"]
[EventRounds "7"]
[EventType "team-swiss"]
[EventDate "2024.10.02"]

1. e4 {[%clk 01:30:58]} {[%emt 12:28:24]} c6 {[%clk 01:30:52]} {[%emt
00:00:08]} 2. d4 {[%clk 01:31:23]} {[%emt 00:00:06]} d5 {[%clk 01:31:17]}
{[%emt 00:00:03]} 3. Nd2 {[%clk 01:31:46]} {[%emt 00:00:07]} dxe4 {[%clk
01:31:40]} {[%emt 00:00:07]} 4. Nxe4 {[%clk 01:32:11]} {[%emt 00:00:05]} Bf5
{[%clk 01:32:04]} {[%emt 00:00:06]} 5. Ng3 {[%clk 01:32:34]} {[%emt 00:00:07]}
Bg6 {[%clk 01:32:11]} {[%emt 00:00:23]} 6. h4 {[%clk 01:32:50]} {[%emt
00:00:14]} h6 {[%clk 01:32:33]} {[%emt 00:00:08]} 7. Nf3 {[%clk 01:33:13]}
{[%emt 00:00:07]} Nd7 {[%clk 01:32:19]} {[%emt 00:00:46]} 8. h5 {[%clk
01:33:34]} {[%emt 00:00:08]} Bh7 {[%clk 01:32:45]} {[%emt 00:00:04]} 9. Bd3
{[%clk 01:33:52]} {[%emt 00:00:11]} Bxd3 {[%clk 01:33:07]} {[%emt 00:00:08]}
10. Qxd3 {[%clk 01:34:11]} {[%emt 00:00:11]} e6 {[%clk 01:32:32]} {[%emt
00:01:05]} 11. Bd2 {[%clk 01:34:03]} {[%emt 00:00:39]} Ngf6 {[%clk 01:31:18]}
{[%emt 00:01:45]} 12. O-O-O {[%clk 01:33:44]} {[%emt 00:00:49]} Be7 {[%clk
01:30:54]} {[%emt 00:00:53]} 13. Ne4 {[%clk 01:33:15]} {[%emt 00:00:59]} Nxe4
{[%clk 01:29:55]} {[%emt 00:01:29]} 14. Qxe4 {[%clk 01:33:42]} {[%emt
00:00:02]} Nf6 {[%clk 01:28:49]} {[%emt 00:01:37]} 15. Qe2 {[%clk 01:34:03]}
{[%emt 00:00:09]} Qd5 {[%clk 01:16:04]} {[%emt 00:13:14]} 16. c4 {[%clk
01:34:18]} {[%emt 00:00:15]} Qe4 {[%clk 01:14:25]} {[%emt 00:02:09]} 17. Qxe4
{[%clk 01:34:37]} {[%emt 00:00:11]} Nxe4 {[%clk 01:14:51]} {[%emt 00:00:04]}
18. Be3 {[%clk 01:34:59]} {[%emt 00:00:08]} O-O {[%clk 01:11:34]} {[%emt
00:03:47]} 19. Ne5 {[%clk 01:34:29]} {[%emt 00:01:00]} Rac8 {[%clk 01:00:25]}
{[%emt 00:11:39]} 20. b3 {[%clk 01:20:40]} {[%emt 00:14:18]} Rfd8 {[%clk
00:52:52]} {[%emt 00:08:04]} 21. Kb2 {[%clk 01:13:33]} {[%emt 00:07:37]} c5
{[%clk 00:43:03]} {[%emt 00:10:19]} 22. dxc5 {[%clk 01:07:47]} {[%emt
00:06:16]} Nxc5 {[%clk 00:33:16]} {[%emt 00:10:18]} 23. f4 {[%clk 01:06:03]}
{[%emt 00:02:14]} b6 {[%clk 00:26:06]} {[%emt 00:07:41]} 24. Rxd8+ {[%clk
00:59:11]} {[%emt 00:07:21]} Rxd8 {[%clk 00:24:17]} {[%emt 00:02:18]} 25. Kc2
{[%clk 00:54:24]} {[%emt 00:05:18]} Na6 {[%clk 00:16:01]} {[%emt 00:08:46]} 26.
Bd2 {[%clk 00:43:15]} {[%emt 00:11:39]} Rc8 {[%clk 00:08:49]} {[%emt 00:07:43]}
27. Bc3 {[%clk 00:39:36]} {[%emt 00:04:09]} Bf6 {[%clk 00:05:56]} {[%emt
00:03:22]} 28. Rd1 {[%clk 00:37:15]} {[%emt 00:02:51]} Nc5 {[%clk 00:05:03]}
{[%emt 00:01:24]} 29. Rd4 {[%clk 00:36:53]} {[%emt 00:00:52]} Kf8 {[%clk
00:03:25]} {[%emt 00:02:08]} 30. b4 {[%clk 00:35:30]} {[%emt 00:01:53]} Na4
{[%clk 00:01:40]} {[%emt 00:02:14]} 31. Bd2 {[%clk 00:24:25]} {[%emt 00:11:34]}
a6 {[%clk 00:00:37]} {[%emt 00:01:34]} 32. Kb3 {[%clk 00:24:00]} {[%emt
00:00:55]} b5 {[%clk 00:00:54]} {[%emt 00:00:13]} 33. c5 {[%clk 00:24:12]}
{[%emt 00:00:18]} Bxe5 {[%clk 00:00:37]} {[%emt 00:00:47]} 34. fxe5 {[%clk
00:24:34]} {[%emt 00:00:08]} Ke7 {[%clk 00:00:47]} {[%emt 00:00:20]} 35. g4
{[%clk 00:22:23]} {[%emt 00:02:41]} Ra8 {[%clk 00:00:33]} {[%emt 00:00:43]} 36.
g5 {[%clk 00:22:36]} {[%emt 00:00:18]} hxg5 {[%clk 00:00:49]} {[%emt 00:00:14]}
37. Bxg5+ {[%clk 00:22:58]} {[%emt 00:00:08]} f6 {[%clk 00:00:46]} {[%emt
00:00:33]} 38. Be3 {[%clk 00:19:02]} {[%emt 00:04:25]} Rh8 {[%clk 00:00:36]}
{[%emt 00:00:39]} 39. Rg4 {[%clk 00:17:51]} {[%emt 00:01:42]} Kf7 {[%clk
00:00:42]} {[%emt 00:00:23]} 40. exf6 {[%clk 00:17:53]} {[%emt 00:00:29]} Kxf6
{[%clk 00:00:43]} {[%emt 00:00:29]} 41. Rg5 {[%clk 00:04:58]} {[%emt 00:13:23]}
Rd8 {[%clk 00:24:08]} {[%emt 00:07:06]} 42. Kc2 {[%clk 00:34:53]} {[%emt
00:00:35]} Rd7 {[%clk 00:20:13]} {[%emt 00:04:25]} 43. Bf4 {[%clk 00:33:20]}
{[%emt 00:02:02]} e5 {[%clk 00:10:34]} {[%emt 00:10:11]} 44. Be3 {[%clk
00:29:33]} {[%emt 00:04:17]} Ra7 {[%clk 00:10:36]} {[%emt 00:00:27]} 45. Rg6+
{[%clk 00:21:58]} {[%emt 00:08:06]} Kf5 {[%clk 00:10:47]} {[%emt 00:00:19]} 46.
c6 {[%clk 00:16:09]} {[%emt 00:06:19]} Rc7 {[%clk 00:10:48]} {[%emt 00:00:28]}
47. Bg5 {[%clk 00:16:24]} {[%emt 00:00:16]} Rc8 {[%clk 00:08:18]} {[%emt
00:03:01]} 48. Be3 {[%clk 00:02:45]} {[%emt 00:14:08]} Ke4 {[%clk 00:07:54]}
{[%emt 00:00:54]} 49. Bd2 {[%clk 00:02:58]} {[%emt 00:00:17]} Rc7 {[%clk
00:06:55]} {[%emt 00:01:29]} 50. Bg5 {[%clk 00:02:41]} {[%emt 00:00:48]} Rc8
{[%clk 00:06:21]} {[%emt 00:01:04]} 51. Rxg7 {[%clk 00:00:55]} {[%emt
00:02:16]} Rxc6+ {[%clk 00:06:45]} {[%emt 00:00:05]} 52. Kd2 {[%clk 00:01:11]}
{[%emt 00:00:13]} Rd6+ {[%clk 00:05:02]} {[%emt 00:02:14]} 53. Ke1 {[%clk
00:01:08]} {[%emt 00:00:33]} Nc3 {[%clk 00:03:46]} {[%emt 00:01:47]} 54. h6
{[%clk 00:01:14]} {[%emt 00:00:24]} Rd1+ {[%clk 00:03:51]} {[%emt 00:00:24]}
55. Kf2 {[%clk 00:01:38]} {[%emt 00:00:07]} Rh1 {[%clk 00:03:40]} {[%emt
00:00:40]} 56. h7 {[%clk 00:01:08]} {[%emt 00:01:00]} Kf5 {[%clk 00:03:14]}
{[%emt 00:00:56]} 57. Kg2 {[%clk 00:01:07]} {[%emt 00:00:31]} Rh5 {[%clk
00:03:20]} {[%emt 00:00:23]} 58. Bd8 {[%clk 00:01:21]} {[%emt 00:00:18]} Rh6
{[%clk 00:03:17]} {[%emt 00:00:33]} 59. Bg5 {[%clk 00:01:08]} {[%emt 00:00:43]}
Rh5 {[%clk 00:03:38]} {[%emt 00:00:09]} 60. Bd8 {[%clk 00:01:04]} {[%emt
00:00:34]} Rh6 {[%clk 00:03:57]} {[%emt 00:00:12]} 61. Kf3 {[%clk 00:00:51]}
{[%emt 00:00:43]} Nd5 {[%clk 00:02:41]} {[%emt 00:01:46]} 62. Rg5+ {[%clk
00:00:57]} {[%emt 00:00:24]} Ke6 {[%clk 00:03:06]} {[%emt 00:00:05]} 63. Rg6+
{[%clk 00:01:23]} {[%emt 00:00:04]} Rxg6 {[%clk 00:02:52]} {[%emt 00:00:45]}
64. h8=Q {[%clk 00:01:48]} {[%emt 00:00:04]} Nf6 {[%clk 00:00:52]} {[%emt
00:02:30]} 65. Qh3+ {[%clk 00:01:42]} {[%emt 00:00:36]} Kf7 {[%clk 00:00:56]}
{[%emt 00:00:26]} 66. Qf5 {[%clk 00:01:43]} {[%emt 00:00:29]} e4+ {[%clk
00:01:12]} {[%emt 00:00:13]} 67. Kf4 {[%clk 00:01:33]} {[%emt 00:00:39]} Kg7
{[%clk 00:01:08]} {[%emt 00:00:36]} 68. Ke5 {[%clk 00:01:27]} {[%emt 00:00:35]}
Ng4+ {[%clk 00:01:10]} {[%emt 00:00:27]} 69. Kxe4 {[%clk 00:01:32]} {[%emt
00:00:25]} Nf6+ {[%clk 00:01:21]} {[%emt 00:00:19]} 70. Bxf6+ {[%clk 00:01:33]}
{[%emt 00:00:30]} Rxf6 {[%clk 00:01:46]} {[%emt 00:00:05]} 71. Qxf6+ {[%clk
00:01:16]} {[%emt 00:00:47]} Kxf6 {[%clk 00:02:10]} {[%emt 00:00:05]} 72. Kd5
{[%clk 00:01:42]} {[%emt 00:00:03]} Kf5 {[%clk 00:02:01]} {[%emt 00:00:40]} 73.
Kc5 {[%clk 00:01:53]} {[%emt 00:00:19]} Ke5 {[%clk 00:02:23]} {[%emt 00:00:08]}
74. Kb6 {[%clk 00:02:09]} {[%emt 00:00:15]} Kd6 {[%clk 00:02:39]} {[%emt
00:00:15]} 75. Kxa6 {[%clk 00:02:33]} {[%emt 00:00:06]} Kc6 {[%clk 00:03:07]}
{[%emt 00:00:02]} 76. a3 {[%clk 00:02:56]} {[%emt 00:00:08]} Kd5 {[%emt
00:00:25]} 1-0

[Event "Deutsche Ländermeisterschaft 2024"]
[Site "Tübingen GER"]
[Date "2024.10.06"]
[Round "7"]
[White "Peglau, Paul David"]
[Black "Voigt, Anastasia"]
[Result "0-1"]
[Termination "normal"]
[Board "4.5"]
[WhiteElo "1866"]
[BlackElo "1909"]
[WhiteClock "00:08:48"]
[BlackClock "00:07:29"]
[WhiteTeam "Sachsen"]
[BlackTeam "Sachsen-Anhalt"]
[PlyCount "124"]
[WhiteFideId "16290550"]
[BlackFideId "16235223"]
[EventCountry "GER"]
[EventRounds "7"]
[EventType "team-swiss"]
[EventDate "2024.10.02"]

1. d4 {[%clk 01:30:58]} d5 {[%clk 01:30:55]} {[%emt 00:00:06]} 2. c4 {[%clk
01:31:18]} {[%emt 00:00:09]} e6 {[%clk 01:31:21]} {[%emt 00:00:03]} 3. Nf3
{[%clk 01:31:31]} {[%emt 00:00:17]} Nf6 {[%clk 01:31:44]} {[%emt 00:00:07]} 4.
Nc3 {[%clk 01:31:56]} {[%emt 00:00:06]} Be7 {[%clk 01:31:11]} {[%emt 00:01:04]}
5. Bf4 {[%clk 01:32:17]} {[%emt 00:00:09]} O-O {[%clk 01:30:23]} {[%emt
00:01:18]} 6. e3 {[%clk 01:32:26]} {[%emt 00:00:21]} b6 {[%clk 01:30:10]}
{[%emt 00:00:43]} 7. cxd5 {[%clk 01:32:25]} {[%emt 00:00:31]} exd5 {[%clk
01:29:20]} {[%emt 00:01:21]} 8. Rc1 {[%clk 01:31:26]} {[%emt 00:01:28]} a6
{[%clk 01:23:35]} {[%emt 00:06:14]} 9. Bd3 {[%clk 01:26:39]} {[%emt 00:05:18]}
Nbd7 {[%clk 01:21:40]} {[%emt 00:02:25]} 10. O-O {[%clk 01:23:20]} {[%emt
00:03:49]} Bb7 {[%clk 01:19:51]} {[%emt 00:02:18]} 11. Qe2 {[%clk 01:21:09]}
{[%emt 00:02:42]} c5 {[%clk 01:17:28]} {[%emt 00:02:52]} 12. dxc5 {[%clk
01:18:11]} {[%emt 00:03:29]} Nxc5 {[%clk 01:16:15]} {[%emt 00:01:43]} 13. Bb1
{[%clk 01:15:33]} {[%emt 00:03:08]} Ne6 {[%clk 01:13:52]} {[%emt 00:02:53]} 14.
Bg3 {[%clk 01:12:30]} {[%emt 00:03:34]} b5 {[%clk 01:06:00]} {[%emt 00:08:21]}
15. Rfd1 {[%clk 01:00:27]} {[%emt 00:12:33]} Qb6 {[%clk 01:04:56]} {[%emt
00:01:32]} 16. Be5 {[%clk 00:54:04]} {[%emt 00:06:55]} Rfd8 {[%clk 01:01:32]}
{[%emt 00:03:53]} 17. Nd4 {[%clk 00:49:52]} {[%emt 00:04:43]} Nxd4 {[%clk
00:43:48]} {[%emt 00:18:13]} 18. Bxd4 {[%clk 00:47:05]} {[%emt 00:03:17]} Qe6
{[%clk 00:43:42]} {[%emt 00:00:36]} 19. Qf3 {[%clk 00:41:28]} {[%emt 00:06:08]}
Ne4 {[%clk 00:35:26]} {[%emt 00:08:45]} 20. Ne2 {[%clk 00:37:47]} {[%emt
00:04:11]} Bd6 {[%clk 00:26:35]} {[%emt 00:09:20]} 21. Ng3 {[%clk 00:33:52]}
{[%emt 00:04:26]} g6 {[%clk 00:23:16]} {[%emt 00:03:49]} 22. Bxe4 {[%clk
00:24:04]} {[%emt 00:10:18]} dxe4 {[%clk 00:23:19]} {[%emt 00:00:27]} 23. Qf6
{[%clk 00:24:00]} {[%emt 00:00:35]} Qxf6 {[%clk 00:19:19]} {[%emt 00:04:29]}
24. Bxf6 {[%clk 00:24:28]} {[%emt 00:00:02]} Rd7 {[%clk 00:19:35]} {[%emt
00:00:14]} 25. Rd4 {[%clk 00:22:03]} {[%emt 00:02:55]} Re8 {[%clk 00:19:21]}
{[%emt 00:00:43]} 26. Rcd1 {[%clk 00:19:42]} {[%emt 00:02:53]} Re6 {[%clk
00:19:28]} {[%emt 00:00:21]} 27. Bg5 {[%clk 00:19:22]} {[%emt 00:00:51]} Kf8
{[%clk 00:19:14]} {[%emt 00:00:44]} 28. Ne2 {[%clk 00:13:10]} {[%emt 00:06:43]}
Bc6 {[%clk 00:19:03]} {[%emt 00:00:40]} 29. Rc1 {[%clk 00:06:07]} {[%emt
00:07:34]} Be7 {[%clk 00:13:07]} {[%emt 00:06:24]} 30. Rxd7 {[%clk 00:01:16]}
{[%emt 00:05:22]} Bxd7 {[%clk 00:13:29]} {[%emt 00:00:08]} 31. Bxe7+ {[%clk
00:01:26]} {[%emt 00:00:20]} Kxe7 {[%clk 00:13:39]} {[%emt 00:00:20]} 32. Nd4
{[%clk 00:01:49]} {[%emt 00:00:08]} Rd6 {[%clk 00:12:36]} {[%emt 00:01:32]} 33.
h4 {[%clk 00:01:46]} {[%emt 00:00:34]} Be6 {[%clk 00:10:44]} {[%emt 00:02:21]}
34. Rc7+ {[%clk 00:01:06]} {[%emt 00:01:11]} Rd7 {[%clk 00:09:56]} {[%emt
00:01:18]} 35. Rc6 {[%clk 00:00:35]} {[%emt 00:01:01]} Rd6 {[%clk 00:07:52]}
{[%emt 00:02:33]} 36. Rc7+ {[%clk 00:00:46]} {[%emt 00:00:19]} Rd7 {[%clk
00:07:15]} {[%emt 00:01:06]} 37. Rc2 {[%clk 00:00:58]} {[%emt 00:00:19]} Bxa2
{[%clk 00:05:19]} {[%emt 00:02:26]} 38. b3 {[%clk 00:00:40]} {[%emt 00:00:48]}
Bb1 {[%clk 00:05:42]} {[%emt 00:00:07]} 39. Rc6 {[%clk 00:00:35]} {[%emt
00:00:36]} Rd6 {[%clk 00:04:25]} {[%emt 00:01:46]} 40. Rc7+ {[%clk 00:00:35]}
{[%emt 00:00:31]} Kf6 {[%clk 00:03:51]} {[%emt 00:01:04]} 41. g4 {[%clk
00:27:54]} {[%emt 00:03:11]} h6 {[%clk 00:28:01]} {[%emt 00:06:21]} 42. Kg2
{[%clk 00:26:54]} {[%emt 00:01:31]} Bd3 {[%clk 00:27:44]} {[%emt 00:00:46]} 43.
Rc5 {[%clk 00:25:39]} {[%emt 00:01:46]} Ke7 {[%clk 00:24:46]} {[%emt 00:03:27]}
44. Kg3 {[%clk 00:22:12]} {[%emt 00:03:58]} Rb6 {[%clk 00:23:29]} {[%emt
00:01:44]} 45. Rc7+ {[%clk 00:20:42]} {[%emt 00:02:02]} Kd6 {[%clk 00:15:18]}
{[%emt 00:08:41]} 46. Rxf7 {[%clk 00:19:57]} {[%emt 00:01:16]} Kc5 {[%clk
00:15:24]} {[%emt 00:00:23]} 47. g5 {[%clk 00:17:15]} {[%emt 00:03:14]} hxg5
{[%clk 00:13:17]} {[%emt 00:02:36]} 48. hxg5 {[%clk 00:17:36]} {[%emt
00:00:09]} a5 {[%clk 00:13:05]} {[%emt 00:00:42]} 49. Kf4 {[%clk 00:12:28]}
{[%emt 00:05:39]} a4 {[%clk 00:11:32]} {[%emt 00:02:02]} 50. bxa4 {[%clk
00:12:21]} {[%emt 00:00:39]} bxa4 {[%clk 00:11:54]} {[%emt 00:00:08]} 51. Rf6
{[%clk 00:11:38]} {[%emt 00:01:13]} a3 {[%clk 00:07:40]} {[%emt 00:04:43]} 52.
Rxb6 {[%clk 00:10:30]} {[%emt 00:01:39]} Kxb6 {[%clk 00:08:05]} {[%emt
00:00:05]} 53. Nb3 {[%clk 00:08:08]} {[%emt 00:02:52]} a2 {[%clk 00:07:40]}
{[%emt 00:00:55]} 54. Ke5 {[%clk 00:08:16]} {[%emt 00:00:23]} Kb5 {[%clk
00:07:45]} {[%emt 00:00:24]} 55. Kd4 {[%clk 00:07:46]} {[%emt 00:01:00]} Kb4
{[%clk 00:06:46]} {[%emt 00:01:28]} 56. Na1 {[%clk 00:07:58]} {[%emt 00:00:19]}
Bb1 {[%clk 00:06:46]} {[%emt 00:00:28]} 57. Ke5 {[%clk 00:07:34]} {[%emt
00:00:56]} Kc3 {[%clk 00:06:17]} {[%emt 00:00:59]} 58. Kf6 {[%clk 00:07:48]}
{[%emt 00:00:17]} Kb2 {[%clk 00:06:39]} {[%emt 00:00:08]} 59. Kxg6 {[%clk
00:08:11]} {[%emt 00:00:08]} Kxa1 {[%clk 00:06:56]} {[%emt 00:00:12]} 60. Kh7
{[%clk 00:08:24]} {[%emt 00:00:17]} Kb2 {[%clk 00:07:09]} {[%emt 00:00:16]} 61.
g6 {[%clk 00:08:23]} {[%emt 00:00:31]} a1=Q {[%clk 00:07:32]} {[%emt 00:00:07]}
62. g7 {[%clk 00:08:48]} {[%emt 00:00:06]} Ba2 {[%clk 00:07:29]} {[%emt
00:00:31]} 0-1

[Event "Deutsche Ländermeisterschaft 2024"]
[Site "Tübingen GER"]
[Date "2024.10.06"]
[Round "7"]
[White "Shevchenko, Igor"]
[Black "Glowiak, Alexandra"]
[Result "0-1"]
[Termination "normal"]
[Board "4.6"]
[WhiteElo "1856"]
[BlackElo "1839"]
[WhiteClock "00:33:35"]
[BlackClock "00:29:09"]
[WhiteTeam "Sachsen-Anhalt"]
[BlackTeam "Sachsen"]
[PlyCount "86"]
[WhiteFideId "34634924"]
[BlackFideId "16259530"]
[EventCountry "GER"]
[EventRounds "7"]
[EventType "team-swiss"]
[EventDate "2024.10.02"]

1. d4 {[%clk 01:30:57]} {[%emt 00:00:01]} d5 {[%clk 01:30:56]} {[%emt
00:00:05]} 2. c4 {[%clk 01:31:18]} {[%emt 00:00:08]} e6 {[%clk 01:31:21]}
{[%emt 00:00:05]} 3. Nc3 {[%clk 01:31:42]} {[%emt 00:00:06]} Nf6 {[%clk
01:31:47]} {[%emt 00:00:04]} 4. cxd5 {[%clk 01:32:04]} {[%emt 00:00:08]} exd5
{[%clk 01:32:12]} {[%emt 00:00:05]} 5. Bg5 {[%clk 01:32:23]} {[%emt 00:00:11]}
Be7 {[%clk 01:32:11]} {[%emt 00:00:31]} 6. Qc2 {[%clk 01:32:18]} {[%emt
00:00:36]} O-O {[%clk 01:32:13]} {[%emt 00:00:28]} 7. e3 {[%clk 01:32:42]}
{[%emt 00:00:06]} c6 {[%clk 01:32:03]} {[%emt 00:00:41]} 8. Bd3 {[%clk
01:32:58]} {[%emt 00:00:13]} Nbd7 {[%clk 01:31:43]} {[%emt 00:00:50]} 9. Nge2
{[%clk 01:32:59]} {[%emt 00:00:29]} Re8 {[%clk 01:31:10]} {[%emt 00:01:04]} 10.
O-O {[%clk 01:30:42]} {[%emt 00:02:46]} Nf8 {[%clk 01:26:44]} {[%emt 00:04:56]}
11. f3 {[%clk 01:26:52]} {[%emt 00:04:21]} h6 {[%clk 01:19:20]} {[%emt
00:07:54]} 12. Bh4 {[%clk 01:24:01]} {[%emt 00:03:20]} Ne6 {[%clk 01:13:46]}
{[%emt 00:06:04]} 13. Rad1 {[%clk 01:18:58]} {[%emt 00:05:34]} b6 {[%clk
01:05:45]} {[%emt 00:08:32]} 14. Bf2 {[%clk 01:04:38]} {[%emt 00:14:48]} Bb7
{[%clk 01:05:09]} {[%emt 00:01:06]} 15. h3 {[%clk 00:51:50]} {[%emt 00:13:18]}
Rc8 {[%clk 00:54:36]} {[%emt 00:11:03]} 16. e4 {[%clk 00:44:58]} {[%emt
00:07:22]} c5 {[%clk 00:48:36]} {[%emt 00:06:30]} 17. e5 {[%clk 00:34:24]}
{[%emt 00:11:04]} Nd7 {[%clk 00:39:45]} {[%emt 00:09:21]} 18. f4 {[%clk
00:32:52]} {[%emt 00:02:02]} cxd4 {[%clk 00:37:55]} {[%emt 00:02:20]} 19. Bxd4
{[%clk 00:22:37]} {[%emt 00:10:45]} Nxd4 {[%clk 00:37:34]} {[%emt 00:00:51]}
20. Nxd4 {[%clk 00:23:06]} {[%emt 00:00:02]} Bc5 {[%clk 00:36:47]} {[%emt
00:01:17]} 21. Bf5 {[%clk 00:18:42]} {[%emt 00:04:54]} Bxd4+ {[%clk 00:22:53]}
{[%emt 00:14:24]} 22. Rxd4 {[%clk 00:19:01]} {[%emt 00:00:10]} Rc4 {[%clk
00:15:39]} {[%emt 00:07:44]} 23. Rxc4 {[%clk 00:18:22]} {[%emt 00:01:10]} dxc4
{[%clk 00:16:08]} 24. Rd1 {[%clk 00:18:38]} {[%emt 00:00:14]} Bc6 {[%clk
00:12:44]} {[%emt 00:03:54]} 25. Rd6 {[%clk 00:18:20]} {[%emt 00:00:48]} Qc7
{[%clk 00:12:18]} {[%emt 00:00:56]} 26. Ne2 {[%clk 00:16:17]} {[%emt 00:02:32]}
Nc5 {[%clk 00:10:08]} {[%emt 00:02:40]} 27. Qxc4 {[%clk 00:14:57]} {[%emt
00:01:50]} Qb7 {[%clk 00:08:39]} {[%emt 00:01:59]} 28. b4 {[%clk 00:13:16]}
{[%emt 00:02:12]} Bxg2 {[%clk 00:07:58]} {[%emt 00:01:12]} 29. bxc5 {[%clk
00:11:16]} {[%emt 00:02:30]} Qf3 {[%clk 00:07:24]} {[%emt 00:01:03]} 30. Rd7
{[%clk 00:09:01]} {[%emt 00:02:45]} Rf8 {[%clk 00:07:23]} {[%emt 00:00:30]} 31.
Qd3 {[%clk 00:06:39]} {[%emt 00:02:52]} Qf1+ {[%clk 00:06:15]} {[%emt
00:01:37]} 32. Kh2 {[%clk 00:07:07]} {[%emt 00:00:02]} Bf3 {[%clk 00:06:04]}
{[%emt 00:00:42]} 33. Bh7+ {[%clk 00:05:18]} {[%emt 00:02:20]} Kh8 {[%clk
00:06:26]} {[%emt 00:00:07]} 34. Qxf3 {[%clk 00:01:54]} {[%emt 00:03:53]} Qxf3
{[%clk 00:06:47]} {[%emt 00:00:09]} 35. Bd3 {[%clk 00:02:22]} {[%emt 00:00:02]}
bxc5 {[%clk 00:06:25]} {[%emt 00:00:53]} 36. a4 {[%clk 00:02:20]} {[%emt
00:00:33]} Qf2+ {[%clk 00:04:06]} {[%emt 00:02:48]} 37. Kh1 {[%clk 00:02:47]}
{[%emt 00:00:03]} Rb8 {[%clk 00:03:47]} {[%emt 00:00:49]} 38. Ng1 {[%emt
00:00:12]} Qxf4 {[%clk 00:03:50]} {[%emt 00:00:25]} 39. e6 {[%clk 00:03:17]}
{[%emt 00:00:21]} fxe6 {[%clk 00:03:23]} {[%emt 00:00:57]} 40. Bc2 {[%clk
00:03:37]} {[%emt 00:00:10]} a5 {[%clk 00:03:01]} {[%emt 00:00:52]} 41. Re7
{[%clk 00:03:51]} {[%emt 00:00:15]} Qc4 {[%clk 00:28:35]} {[%emt 00:04:56]} 42.
Bg6 {[%clk 00:33:20]} {[%emt 00:01:00]} Qd5+ {[%clk 00:28:49]} {[%emt
00:00:16]} 43. Kh2 {[%clk 00:33:35]} {[%emt 00:00:15]} Qd6+ {[%clk 00:29:09]}
{[%emt 00:00:10]} 0-1